Kuala Lumpur - Choix multiples - Statistiques

Statistiques générales
  • Ce quiz a été pris 48 fois
  • Le résultat moyen est 6 sur 10
Statistiques - réponses
Question Réponse % Correct
Dans quel pays se trouve Kuala Lumpur ? Malaisie
98%
Quel est le nom des tours jumelles les plus hautes de Kuala Lumpur ? Tours petronas
91%
Quel quartier commerçant et de divertissement populaire est situé au cœur de Kuala Lumpur ? Bukit Bintang
84%
Laquelle de ces images représente un temple bouddhiste à Kuala Lumpur ?
77%
Quel fleuve traverse Kuala Lumpur ? Kelang
65%
Quelle célèbre colline calcaire abritant des temples hindous se trouve près de Kuala Lumpur ? Grottes de Batu
63%
Quel est le nom du plus grand parc à thème situé à Kuala Lumpur ? Berjaya Times Square Theme Park
58%
Quel événement sportif Kua:a Lumpur a-t-elle accueilli en 1998 ? Jeux du commonwealth
51%
À quel siècle la ville de Kuala Lumpur a-t-elle été fondée ? XIXe siècle
37%
Quel roi malaisien réside à l'Istana Negara de Kuala Lumpur ? Yang di-Pertuan Agong
16%
Aucun quiz correspondant
Distribution des résultats
% des personnes avec chaque résultat
Percentile par nombre de réponses
Votre historique - résultats
Vous n’avez pas pris ce quiz